Statistics for Countries In Calling Zone 4

Click here to take the quiz!

General Stats

  • This quiz has been taken 8 times
  • The average score is 10 of 12

Answer Stats

CountryCode% Correct
Austria(+43)
86%
Czech Republic(+420)
86%
Germany(+49)
86%
Liechtenstein(+423)
86%
Norway(+47)
86%
Poland(+48)
86%
Slovakia(+421)
86%
Sweden(+46)
86%
Switzerland(+41)
86%
United Kingdom(+44)
86%
Denmark(+45)
71%
Romania(+40)
57%

Score Distribution

Percentile by Number Answered

Percent of People with Each Score

Your Score History

You have not taken this quiz